000 00664nam a2200145 a 4500
008 101020s2010 ||||||||||||||||| || u
050 _aGOV-ZAM(02)
110 _aGovernment of the Republic of Zambia (GRZ)
245 1 0 _aJoint Assistance Strategy for Zambia (JASZ): education sector management and coordination guidelines
260 _aLusaka
_bGovernment of the Republic of Zambia (GRZ)
_c2010
300 _aii, 29p.: ill.
350 _a0.00
650 _aEDUCATION--INTERNATIONAL COOPERATION--ZAMBIA
995 _D0.00
_FCBU-MAIN LIBRARY (Kitwe)
_H1
_I0.00
_M1
_UAVAILABLE
_WNov 17, 2010
_ZZambiana Collection
999 _c48493
_d48493